000 00462pab a2200169 454500
008 180718b2000 xxu||||| |||| 00| 0 eng d
100 _aHaward, Marcus
245 _aLocal government in Tasmania: reform and restructuring
260 _c2000
300 _ap.34-48
362 _aSep
650 _aLocal government - Australia
650 _aLocal government
700 _aZwart, Ivan
773 _aAustralian Journal of Public Administration
909 _a46190
999 _c46190
_d46190